Statistics for All NATO Allies

Click here to take the quiz!

General Stats

  • This quiz has been taken 40 times
  • The average score is 23 of 31

Answer Stats

HintAnswer% Correct
1987Japan
97%
1987Australia
94%
1987South Korea
94%
2019Brazil
88%
1997New Zealand
88%
1998Argentina
82%
1987Egypt
82%
Potential MNNAFinland
82%
Potential MNNAIndia
82%
1987Israel
79%
Potential MNNASaudi Arabia
79%
Potential MNNASweden
79%
Potential MNNAChile
76%
2004Morocco
76%
2004Pakistan
76%
Potential MNNAUkraine
76%
2022Colombia
73%
Potential MNNAGeorgia
70%
2022Qatar
70%
2003Taiwan
70%
Potential MNNAUnited Arab Emirates
70%
2002Bahrain
67%
2004Kuwait
67%
Potential MNNAOman
67%
2003Thailand
67%
Potential MNNAMoldova
64%
2003Philippines
61%
2015Tunisia
61%
1996Jordan
58%
Potential MNNAUruguay
55%
Former MNNAAfghanistan
27%

Score Distribution

Percentile by Number Answered

Percent of People with Each Score

Your Score History

You have not taken this quiz